00954nam a2200241Ia 450000100060000000300090000600800410001504000130005604000130006904100130008210000210009510000290011624501150014524500510026025000110031126000110032226000180033326000490035130000590040050001790045965000430063865000310068176628IT-RoPAU130308s9999 xx 000 0 und d aIT-RoPAU cIT-RoPAU aITALIANO aDonati Pierpaolo gCodice Aut. SPICS: 7150 aComputer nella famiglia (Il): indicazioni operative per il futuro della ricerca e per gli interventi operativi bNuove Tecnologie, Comunicazione e mondi Vitali a1a ed. aMILANO bAngeli Franco c1989 [1° Ed.:1989 - Ed.Ling.Originale:1989] a"29 p. (prefazione: no ; testo: 29 [pagine: 163-191])" aFamiglia tra Comunicazione di Mondo vitale e Comunicazione Sistemica Computer nella Famiglia Aree di utilizzazione indicazioni Operative Famiglia tra Adattamento e Resistenza aSOCIOLOGIA DELLA COMUNICAZIONE SOCIALE eCodice materia Spics: 3806